| 000 | 00498nam a2200181Ia 4500 | ||
|---|---|---|---|
| 005 | 20250423101047.0 | ||
| 008 | 250422s9999 xx 000 0 und d | ||
| 020 | _a0812106407 | ||
| 050 | _aRF 51 .M56/ | ||
| 100 | _aMontgomery, William W. | ||
| 245 | 0 | _aSurgery of the upper respiratory system | |
| 250 | _a2nd ed. | ||
| 260 | _aPhiladelphia | ||
| 260 | _bLea & Febiger | ||
| 260 | _c1973 | ||
| 650 | _aOtolaryngology, Operative. Head--Surgery. Respiratory organs--Surgery. | ||
| 942 | _cBK | ||
| 999 |
_c35165 _d35165 |
||